| 000 | 00446nam a22001817a 4500 | ||
|---|---|---|---|
| 003 | CEME | ||
| 005 | 20210628204038.0 | ||
| 008 | 210105b xxu||||| |||| 00| 0 eng d | ||
| 020 | _a9693512413 | ||
| 040 | _c. | ||
| 082 | _a891.4392 ISH | ||
| 100 |
_aIshfaq Ahmed _963327 |
||
| 245 | _aShahla koot | ||
| 260 |
_aLAHORE _bSANG-E-MEEL PUB _c2011 |
||
| 300 | _a288P | ||
| 650 |
_aURDU ADAB-DRAMA.URDU LITERATURE-DRAMA _968413 |
||
| 942 |
_cBK _2ddc |
||
| 999 |
_c575999 _d575999 |
||